II Jornada nacional fósforo del suelo /
Guardado en:
| Formato: | Libro |
|---|---|
| Publicado: |
[Buenos Aires,
1991]
|
| Etiquetas: |
Agregar Etiqueta
Sin Etiquetas, Sea el primero en etiquetar este registro!
|
| LEADER | 00548nam a22001455a 4500 | ||
|---|---|---|---|
| 001 | EEA.libagro005749 | ||
| 005 | 20161012101726.0 | ||
| 008 | 130809s1991####ag############000#0#####d | ||
| 082 | 0 | 4 | |a 631.41 |
| 082 | 0 | 4 | |a 631.85 |
| 245 | 1 | 0 | |a II Jornada nacional fósforo del suelo / |c Asociación Argentina de la Ciencia del Suelo. Comité de Química. |
| 260 | |a [Buenos Aires, |c 1991] | ||
| 300 | |a 1 v. (en varias paginaciones) ; |c 28 cm. | ||
| 500 | |a PROMAR. Programa de métodos analíticos de referencia. | ||
| 859 | |a AR-BbBCA |b BIB. AGRONOMIA |h 631.41 |i J82 2-1991 |p 1997/3093 | ||
